LDR 01273naa#a2200229#i#450# 001 RU\\bibl\119415 005 20260419114840.7 011 ## _a2311-8873 100 ## _a20260410b2026####ek#y0rusy0150####ca 102 ## _aRU 200 1# _aОЦЕНКА ЭФФЕКТИВНОСТИ ЭКСПЛУАТАЦИИ И РЕМОНТА АВТОМОБИЛЬНОГО ТРАНСПОРТА НА ОСНОВЕ LCC-АНАЛИЗА И УПРАВЛЕНИЯ ИЗНОСОМ _eЖурнальная статья 210 1# _aВоронеж _cВоронежский государственный лесотехнический университет имени Г.Ф. Морозова _d2026 215 ## _a8 с. 608 ## _aЖурнальная статья _2local 675 ## _a(Средства транспорта с колесным движителем). 629.1.02 _z 700 #1 _aЖайворонок _gДенис Александрович 700 #1 _aИванников _gВалерий Александрович 700 #1 _aШаталов _gЕвгений Владимирович 700 #1 _aЧерников _gЭдуард Анатольевич 700 #1 _aМаклакова _gЕлена Альбертовна 700 #1 _aЗеликов _gВладимир Анатольевич 856 4# _anaukaru.ru _u